F1 Drivers By Career Path - Statistics

General Stats
  • This quiz has been taken 1,256 times
  • The average score is 7 of 10
Answer Stats
Career Path Driver % Correct
Sauber -> Ferrari Charles Leclerc
94%
BMW -> Toro Rosso -> Red Bull -> Ferrari -> Aston Martin Sebastian Vettel
94%
Toro Rosso -> Renault -> McLaren -> Ferrari -> Williams Carlos Sainz
93%
Manor -> Force India -> Racing Point -> Renault -> Alpine -> Haas Esteban Ocon
86%
Sauber -> McLaren -> Ferrari -> Lotus -> Ferrari -> Alfa Romeo Kimi Raikkonen
86%
Benetton -> Renault -> BAR -> Honda -> Brawn -> McLaren Jenson Button
83%
McLaren -> Renault -> Haas Kevin Magnussen
74%
Renault -> Lotus -> Haas Romain Grosjean
61%
BMW -> Renault -> Williams -> Alfa Romeo Robert Kubica
39%
Renault -> McLaren -> Lotus -> Caterham -> Lotus Heikki Kovalainen
22%
No matching quizzes found
Score Distribution
Percent of People with Each Score
Percentile by Number Answered
Your Score History
You have not taken this quiz